Labor law: cases, materials, and problemas
Gespeichert in:
| 1. Verfasser: | |
|---|---|
| Format: | Buch |
| Sprache: | Englisch |
| Veröffentlicht: |
Boston
Little, Brown
1977
|
| Ausgabe: | 2a. ed |
| Schlagworte: | |
| Tags: |
Tag hinzufügen
Keine Tags, Fügen Sie den ersten Tag hinzu!
|
MARC
| LEADER | 00000nam a2200000 a 4500 | ||
|---|---|---|---|
| 001 | UCV0848 | ||
| 003 | CL-VaPUC | ||
| 008 | 890516e19770000US |||||||||||||||||eng|d | ||
| 082 | 0 | 4 | |a 340.08 |b MEL |2 21 |
| 100 | |a Meltzer, Bernard D. |e autor |9 295174 | ||
| 245 | 1 | 0 | |a Labor law: cases, materials, and problemas |
| 250 | |a 2a. ed | ||
| 300 | |a 1300 p | ||
| 942 | |c BK | ||
| 945 | |d 19890516 00:00:00 | ||
| 260 | |a Boston |b Little, Brown |c 1977 | ||
| 650 | 7 | |a DERECHO LABORAL |2 CL-VaPUC |9 15 | |
| 651 | 0 | |a Estados Unidos |9 255178 | |
| 583 | |a last modification |c 20170710 12:59:02 |k Rodrigo Vera | ||
| 999 | |c 209042 |d 209040 | ||
| 952 | |0 0 |1 0 |4 0 |6 340_080000000000000_MEL_1977 |7 0 |8 A |9 184145 |a BIBDER |b BIBDER |d 2019-11-14 |i 2513048 |o 340.08 MEL 1977 |p 2513048 |r 2023-01-25 |w 2019-11-14 |y BK |k DER | ||
| 952 | |0 0 |1 0 |4 0 |6 340_080000000000000_MEL_1977 |7 0 |8 A |9 184146 |a BIBDER |b BIBDER |d 2019-11-14 |i 2513056 |o 340.08 MEL 1977 |p 2513056 |r 2023-01-25 |w 2019-11-14 |y BK |k DER | ||